000 00286nam a2200109Ia 4500
001 587469
005 20250717113817.0
008 250717s9999 xx 000 0 und d
245 0 _aX-7 UZAYI KEŞFEDİYORUM ASTRONOT
_cŞEBNEM ÖZDEMİRCİ
260 _bBETA YAYINLARI
_c2020
300 _b20
999 _c587469
_d587469